[Event "ICS rated blitz match"]
[Site "204.178.125.65"]
[Date "2000.12.08"]
[Round "?"]
[White "Dorky"]
[Black "Hossa"]
[Result "0-1"]
[WhiteElo "2437"]
[BlackElo "2437"]
[PlyCount "110"]
[EventDate "2000.??.??"]

1. e4 e5 2. Nf3 Nf6 3. Nxe5 d6 4. Nf3 Nxe4 5. Qe2 Qe7 6. d3 Nf6 7. Bg5 Qxe2+ 8.
Bxe2 Be7 9. Nc3 h6 10. Bxf6 Bxf6 11. Nd5 Bd8 12. Ne3 O-O 13. c3 Re8 14. O-O-O
Be6 15. Kb1 Bf6 16. Rhe1 Nd7 17. Nd2 c6 18. Ndc4 Be7 19. Bg4 Bxg4 20. Nxg4 f5
21. Nge3 g6 22. f4 Rac8 23. a4 Kf7 24. g4 d5 25. Na5 b6 26. Nb3 Bh4 27. gxf5
Bxe1 28. fxg6+ Kxg6 29. Rxe1 Nf6 30. Nd4 Ng4 31. Rg1 Rxe3 32. Rxg4+ Kh5 33. Rg7
Rxd3 34. Rxa7 Rd2 35. h3 Rf2 36. Ne6 Kg6 37. Rb7 Kf5 38. Nd4+ Kxf4 39. Rxb6 c5
40. Rf6+ Kg3 41. Rxf2 Kxf2 42. Ne6 Kg3 43. Ka2 Rc6 44. Nd8 Rb6 45. a5 Ra6 46.
b4 cxb4 47. cxb4 Kxh3 48. Kb3 h5 49. Ka4 d4 50. Nb7 Kg4 51. Nc5 h4 52. Nxa6 d3
53. Kb3 Kf3 54. Kc3 Ke2 55. Kc4 d2 {Dorky resigns} 0-1

[Event "ICS rated blitz match"]
[Site "204.178.125.65"]
[Date "2000.12.08"]
[Round "?"]
[White "Hossa"]
[Black "PostModernist"]
[Result "1/2-1/2"]
[WhiteElo "2453"]
[BlackElo "2537"]
[PlyCount "268"]
[EventDate "2000.??.??"]

1. e4 c5 2. Nf3 Nc6 3. d4 cxd4 4. Nxd4 e6 5. Nc3 Qc7 6. Ndb5 Qb8 7. a3 Nf6 8.
Bg5 Be7 9. Be2 O-O 10. Qd2 a6 11. Nd4 b5 12. O-O Rd8 13. Bf3 Bb7 14. Rfd1 h6
15. Be3 Ne5 16. Bf4 Bd6 17. Bxe5 Bxe5 18. g3 d5 19. exd5 Nxd5 20. Bxd5 Bxd5 21.
Qe3 Qc7 22. Nxd5 Rxd5 23. c3 Rad8 24. Rd2 Bxd4 25. Rxd4 Rxd4 26. cxd4 Qc4 27.
Rd1 Qd5 28. f4 Rc8 29. Qe2 a5 30. h4 Rc4 31. Qd3 a4 32. Kh2 h5 33. Qe2 b4 34.
axb4 Rxb4 35. Qf2 Rc4 36. Kh3 Qe4 37. Kh2 Kf8 38. Rd2 g6 39. Qg1 Kg7 40. Qd1
Qe3 41. Kh3 Kg8 42. Kg2 Rb4 43. Kh2 Kg7 44. f5 exf5 45. Re2 Qxd4 46. Qxd4+ Rxd4
47. Rf2 Kf6 48. Kh3 g5 49. Rc2 f4 50. gxf4 gxf4 51. Rc5 Rd3+ 52. Kg2 Rd2+ 53.
Kf3 Rxb2 54. Rxh5 Rb4 55. Ra5 Rc4 56. h5 Kg7 57. Ra7 Kh6 58. Ra5 Kh7 59. Ra7
Kg7 60. Kg4 Rd4 61. Kg5 Kg8 62. Ra8+ Kh7 63. Ra7 Kg7 64. h6+ Kg8 65. Ra8+ Kh7
66. Ra7 Rd5+ 67. Kxf4 Kxh6 68. Ra6+ Kg7 69. Rxa4 Kg6 70. Ra6+ f6 71. Kf3 Kg5
72. Kf2 f5 73. Kf1 Rd2 74. Ra5 Kg4 75. Ra4+ f4 76. Rb4 Kg3 77. Rb5 f3 78. Rg5+
Kf4 79. Rh5 Rg2 80. Rh4+ Ke3 81. Rc4 Rf2+ 82. Kg1 Ra2 83. Rc3+ Ke2 84. Rc1 Rd2
85. Rf1 Rd8 86. Rf2+ Ke3 87. Rf1 Rg8+ 88. Kh2 f2 89. Rc1 Rg6 90. Rb1 Rb6 91.
Rc1 Rf6 92. Kg2 Rg6+ 93. Kh2 Kf3 94. Rc3+ Ke2 95. Rc2+ Ke1 96. Rc1+ Kd2 97. Rb1
Rb6 98. Ra1 Ke2 99. Ra2+ Ke1 100. Ra1+ Kd2 101. Ra2+ Ke3 102. Ra3+ Ke4 103.
Ra4+ Ke5 104. Ra5+ Kf4 105. Kg2 Rb2 106. Ra4+ Kf5 107. Ra5+ Kf6 108. Ra6+ Kf7
109. Ra7+ Kg6 110. Kf1 Rc2 111. Ra6+ Kg7 112. Ra7+ Kg8 113. Ra8+ Kg7 114. Ra7+
Kf6 115. Ra6+ Kf5 116. Ra5+ Kf4 117. Ra4+ Kf3 118. Ra3+ Kf4 119. Ra4+ Kg5 120.
Ra5+ Kg4 121. Ra4+ Kg3 122. Ra3+ Kg4 123. Ra4+ Kh3 124. Rb4 Kg3 125. Rb3+ Kg4
126. Rb4+ Kh5 127. Rb5+ Kh6 128. Rf5 Rd2 129. Rf6+ Kh7 130. Rf7+ Kh8 131. Rf8+
Kh7 132. Rf7+ Kh8 133. Rf8+ Kh7 134. Rf7+ Kh8 {Game drawn by repetition}
1/2-1/2

[Event "ICS rated blitz match"]
[Site "204.178.125.65"]
[Date "2000.12.08"]
[Round "?"]
[White "PostModernist"]
[Black "Hossa"]
[Result "1/2-1/2"]
[WhiteElo "2533"]
[BlackElo "2457"]
[PlyCount "215"]
[EventDate "2000.??.??"]

1. d4 d5 2. Nf3 Nf6 3. e3 Bf5 4. c4 c6 5. Qb3 Qc7 6. Nc3 e6 7. Bd2 Be7 8. Nh4
Bg4 9. h3 Bh5 10. g4 Ne4 11. Nxe4 dxe4 12. Ng2 Bg6 13. Nf4 Nd7 14. Bg2 O-O-O
15. Nxg6 hxg6 16. Bxe4 Nf6 17. Bg2 e5 18. dxe5 Qxe5 19. O-O-O Ne4 20. Bc3 Nxc3
21. Qxc3 Qxc3+ 22. bxc3 Bd6 23. Rd3 g5 24. Rhd1 Be5 25. Kb2 Rxd3 26. Rxd3 g6
27. a3 Rd8 28. Kc2 Rxd3 29. Kxd3 Bd6 30. a4 Kc7 31. Kd4 Kb6 32. Be4 Bf8 33. Ke5
Bg7+ 34. Kd6 Bxc3 35. c5+ Ka6 36. Ke7 f6 37. Kd6 Be1 38. f4 Bf2 39. fxg5 fxg5
40. Kc7 Bxe3 41. Bd3+ Ka5 42. Kxb7 Bxc5 43. Kxc6 Bb6 44. Bc2 Kb4 45. Kd6 Ka5
46. Ke6 Kb4 47. Kf6 Be3 48. Kxg6 Bf4 49. Kh5 Kc3 50. Bf5 Kb4 51. Bd7 Kc5 52. h4
gxh4 53. Kxh4 Kd6 54. Bb5 Be3 55. g5 a5 56. Kh5 Kd5 57. g6 Ke6 58. Bd3 Kf6 59.
Bb1 Bc1 60. Be4 Bf4 61. Bd5 Bc1 62. Bg2 Bd2 63. Bf3 Be3 64. Bg4 Bd2 65. Be2 Be3
66. Bd3 Kg7 67. Kg4 Kf6 68. Be4 Bd4 69. Kh5 Be3 70. Bf3 Bf4 71. Bd1 Be3 72. Bc2
Bc1 73. Bb3 Bf4 74. Bc4 Be3 75. Bf1 Bf4 76. Bh3 Be3 77. Bd7 Kg7 78. Be6 Kf6 79.
Bf7 Bc1 80. Bd5 Bf4 81. Ba8 Bd2 82. Bb7 Bf4 83. Bc8 Be3 84. Ba6 Kg7 85. Bb5 Kf6
86. Bc4 Bd2 87. Ba6 Bc1 88. Bb7 Bf4 89. Bc6 Bd2 90. Bd7 Kg7 91. Be6 Kf6 92. Bg4
Kg7 93. Bf3 Be3 94. Bc6 Bc1 95. Be4 Kf6 96. Bc2 Bf4 97. Kg4 Bd6 98. Kf3 Bf8 99.
Ke3 Ke5 100. Kd3 Kd5 101. Bb3+ Kc5 102. Ke4 Bg7 103. Kf5 Kd6 104. Bc4 Kc5 105.
Be6 Kb4 106. Ke4 Ka3 107. Bf7 Bb2 108. Bg8 {Game drawn by the 50 move rule}
1/2-1/2

[Event "ICS rated blitz match"]
[Site "204.178.125.65"]
[Date "2000.12.08"]
[Round "?"]
[White "Hossa"]
[Black "PostModernist"]
[Result "1-0"]
[WhiteElo "2460"]
[BlackElo "2530"]
[PlyCount "133"]
[EventDate "2000.??.??"]

1. e4 e6 2. d4 d5 3. Nd2 a6 4. Ngf3 c5 5. exd5 exd5 6. dxc5 Bxc5 7. Nb3 Ba7 8.
Bd3 Qe7+ 9. Qe2 Nf6 10. Qxe7+ Kxe7 11. O-O Ne4 12. Bf4 Re8 13. Nbd2 Kf8 14.
Nxe4 dxe4 15. Rfe1 f5 16. Ng5 h6 17. Bd6+ Kg8 18. Bc4+ Kh8 19. Nf7+ Kh7 20. Ba3
e3 21. Kh1 Re4 22. Nd6 Rxc4 23. Nxc4 exf2 24. Re2 b5 25. Ne5 Be6 26. Nd3 Bc4
27. Re8 Kg6 28. Ne5+ Kf6 29. Nxc4 bxc4 30. Rf1 Kf7 31. Rc8 Ke6 32. Bf8 Kf6 33.
Rxc4 Nd7 34. Rc6+ Kf7 35. Bd6 Bd4 36. c3 Be3 37. Bg3 Re8 38. Rxa6 Nf6 39. Rd6
Ne4 40. Rd7+ Kg8 41. b4 f4 42. Rd3 Ra8 43. Rfd1 Rf8 44. Bh4 g5 45. Rf1 Rc8 46.
g3 gxh4 47. gxf4 Rxc3 48. Rxc3 Nxc3 49. a3 Ne4 50. Kg2 Bxf4 51. h3 Be3 52. Kf3
Nd2+ 53. Kxe3 Nxf1+ 54. Kxf2 Nd2 55. a4 Nb3 56. Ke3 Nc1 57. a5 Na2 58. a6 Nxb4
59. a7 Nd5+ 60. Kd4 Nc7 61. Kc5 Kh7 62. Kc6 Ne6 63. a8=Q Kg6 64. Qa4 Ng5 65.
Qxh4 Kg7 66. Qd4+ Kg6 67. Qd6+ {PostModernist resigns} 1-0

[Event "ICS rated blitz match"]
[Site "204.178.125.65"]
[Date "2000.12.08"]
[Round "?"]
[White "PostModernist"]
[Black "Hossa"]
[Result "0-1"]
[WhiteElo "2511"]
[BlackElo "2479"]
[PlyCount "126"]
[EventDate "2000.??.??"]

1. e4 e5 2. Bc4 Nf6 3. d3 Nc6 4. Nf3 Be7 5. O-O O-O 6. c3 d5 7. exd5 Nxd5 8.
Re1 Nb6 9. Bb5 f6 10. d4 Bg4 11. Qb3+ Qd5 12. Qxd5+ Nxd5 13. Bxc6 bxc6 14. dxe5
Bxf3 15. exf6 Rxf6 16. gxf3 Bd6 17. Nd2 Raf8 18. Kh1 Rh6 19. Nf1 Rg6 20. Ng3
Rxf3 21. Kg2 Rf8 22. Bd2 h5 23. Re4 Bf4 24. c4 Bxd2 25. cxd5 cxd5 26. Rh4 Rgf6
27. Rf1 Rb8 28. Rb1 Bc3 29. Rxh5 c6 30. b3 Rbf8 31. Rf1 Bd4 32. f3 g6 33. Rg5
Kf7 34. h4 Be3 35. Rg4 a5 36. f4 Bd2 37. f5 gxf5 38. Nxf5 Ke6 39. Nd4+ Kd6 40.
Rxf6+ Rxf6 41. Kh3 Kc5 42. Nc2 Bc3 43. a3 Rf2 44. b4+ axb4 45. Nxb4 Kd6 46.
Rg6+ Rf6 47. Rxf6+ Bxf6 48. h5 c5 49. Nc2 d4 50. Kg4 c4 51. Kf3 d3 52. Nb4 Bg5
53. Na2 Ke5 54. Nc3 Bc1 55. a4 Kd4 56. Nb5+ Kc5 57. Nc3 Kb4 58. Nb5 c3 59. Nd4
Kxa4 60. Kg3 d2 61. Ne2 c2 62. Nc3+ Kb3 63. Ne4 d1=Q {PostModernist resigns}
0-1

[Event "ICS rated standard match"]
[Site "204.178.125.65"]
[Date "2000.12.08"]
[Round "?"]
[White "nitmo"]
[Black "Hossa"]
[Result "0-1"]
[WhiteElo "1936"]
[BlackElo "2330"]
[PlyCount "40"]
[EventDate "2000.??.??"]

1. e4 e5 2. Nf3 Nf6 3. Nxe5 d6 4. Nxf7 Kxf7 5. d4 c6 6. Nc3 b5 7. Bd3 Na6 8.
O-O Qe8 9. Qe2 Nb4 10. f4 Bg4 11. Qe3 Nxd3 12. cxd3 b4 13. Nb1 Be7 14. h3 Bc8
15. a3 bxa3 16. bxa3 Rf8 17. Nc3 Kg8 18. e5 Nd5 19. Nxd5 cxd5 20. f5 Bxf5 {
nitmo resigns} 0-1

[Event "ICS rated blitz match"]
[Site "204.178.125.65"]
[Date "2000.12.08"]
[Round "?"]
[White "Hossa"]
[Black "Tinker"]
[Result "1/2-1/2"]
[WhiteElo "2496"]
[BlackElo "2567"]
[PlyCount "80"]
[EventDate "2000.??.??"]

1. e4 c5 2. Nf3 d6 3. d4 cxd4 4. Nxd4 Nf6 5. Nc3 g6 6. Be3 Bg7 7. f3 O-O 8. Qd2
Nc6 9. Bc4 Bd7 10. h4 Rc8 11. Nxc6 Rxc6 12. Bb3 Nh5 13. g4 Bxc3 14. bxc3 Ng7
15. h5 e6 16. hxg6 fxg6 17. Bd4 Ne8 18. Qh6 Qe7 19. O-O-O Rxf3 20. Rdf1 Rxf1+
21. Rxf1 Ra6 22. Kb1 Ra5 23. c4 Ra3 24. Bc3 Ra6 25. g5 Ng7 26. Bb4 Rb6 27. Ba3
Ra6 28. Bb2 Ra5 29. Bf6 Qf8 30. Rf2 Ra6 31. Bc3 Qe7 32. c5 dxc5 33. Bf6 Qf8 34.
Be5 Qe7 35. Bc4 Ra4 36. Bf6 Qf8 37. Bb2 Qe7 38. Bf6 Qf8 39. Bb2 Qe7 40. Bf6 Qf8
{Game drawn by repetition} 1/2-1/2

[Event "ICS rated blitz match"]
[Site "204.178.125.65"]
[Date "2000.12.08"]
[Round "?"]
[White "Tinker"]
[Black "Hossa"]
[Result "1/2-1/2"]
[WhiteElo "2564"]
[BlackElo "2499"]
[PlyCount "160"]
[EventDate "2000.??.??"]

1. e4 e5 2. Nf3 Nf6 3. Nxe5 d6 4. Nf3 Nxe4 5. d4 d5 6. Bd3 Nc6 7. O-O Be7 8.
Re1 Bg4 9. c4 Nf6 10. cxd5 Nxd5 11. Nc3 O-O 12. h3 Bxf3 13. Qxf3 Bb4 14. Be4
Nxd4 15. Qd3 Nb6 16. Bxh7+ Kh8 17. Be4 c6 18. Be3 Nb5 19. Qe2 Qh4 20. Bd2 Rfd8
21. Rad1 Nd4 22. Qd3 Nb3 23. Qc2 Nxd2 24. Rxd2 Rxd2 25. Qxd2 Rd8 26. Bc2 Kg8
27. Qe2 Nd5 28. Qe5 b6 29. a3 Bc5 30. Ne4 Be7 31. Qf5 g6 32. Qf3 a6 33. Ba4 b5
34. Bd1 Nf4 35. Bb3 b4 36. axb4 Bxb4 37. Nc3 Qg5 38. Qxc6 Rf8 39. Qf3 Rb8 40.
Bc4 a5 41. g3 Ne6 42. Bxe6 fxe6 43. Rxe6 Kg7 44. Qc6 Rf8 45. Ne4 Qf5 46. g4 Qf7
47. Qd5 Kh8 48. Qe5+ Qg7 49. Qg5 Kh7 50. Nf6+ Rxf6 51. Qxf6 Qxf6 52. Rxf6 Kg7
53. Ra6 g5 54. Kf1 Bd2 55. Ke2 Bb4 56. Re6 Kf7 57. Re5 Kg6 58. b3 Kh6 59. Rf5
Kg6 60. f4 gxf4 61. Rxf4 Be7 62. Ra4 Bd8 63. h4 Bxh4 64. b4 axb4 65. Rxb4 Kf7
66. Rb6 Bd8 67. Rc6 Bf6 68. Kf3 Ke7 69. Kf4 Bd4 70. Kf5 Kd7 71. Re6 Bg7 72. g5
Bd4 73. g6 Bc3 74. Rf6 Bb2 75. g7 Ba3 76. Ra6 Bb2 77. Ra7+ Kc6 78. Ra6+ Kd7 79.
Ra7+ Kc6 80. Ra6+ Kd7 {Game drawn by repetition} 1/2-1/2

[Event "ICS rated blitz match"]
[Site "204.178.125.65"]
[Date "2000.12.08"]
[Round "?"]
[White "McDogfood"]
[Black "Hossa"]
[Result "0-1"]
[WhiteElo "2123"]
[BlackElo "2502"]
[PlyCount "34"]
[EventDate "2000.??.??"]

1. e4 e5 2. Nf3 Nf6 3. Nc3 Bb4 4. Bc4 d6 5. O-O Bxc3 6. dxc3 Bg4 7. Qe2 O-O 8.
h3 Be6 9. Bxe6 fxe6 10. Ng5 Qd7 11. f4 Nc6 12. f5 exf5 13. exf5 Nd8 14. Be3 h6
15. Nf3 Qxf5 16. Qc4+ Qe6 17. Qxc7 Nd5 {McDogfood resigns} 0-1

[Event "ICS rated blitz match"]
[Site "204.178.125.65"]
[Date "2000.12.08"]
[Round "?"]
[White "Hossa"]
[Black "McDogfood"]
[Result "1-0"]
[WhiteElo "2505"]
[BlackElo "2120"]
[PlyCount "31"]
[EventDate "2000.??.??"]

1. e4 c5 2. Nf3 Nc6 3. d4 cxd4 4. Nxd4 Nf6 5. Nc3 e5 6. Ndb5 d6 7. Nd5 Nxd5 8.
exd5 Nb8 9. Be3 Be7 10. Bd3 O-O 11. O-O a6 12. Nc3 f5 13. Qh5 Nd7 14. Bxf5 Nf6
15. Qh3 Nxd5 16. Qxh7+ {McDogfood resigns} 1-0

[Event "ICS rated standard match"]
[Site "204.178.125.65"]
[Date "2000.12.08"]
[Round "?"]
[White "Hossa"]
[Black "nitmo"]
[Result "1-0"]
[WhiteElo "2333"]
[BlackElo "1933"]
[PlyCount "52"]
[EventDate "2000.??.??"]

1. e4 e5 2. Nf3 Nc6 3. Bb5 Nd4 4. Nxd4 exd4 5. O-O c6 6. Bc4 Nf6 7. e5 d5 8.
Be2 Nd7 9. f4 d3 10. Bxd3 Bc5+ 11. Kh1 h5 12. Be2 Qb6 13. c3 Nf8 14. d4 Be7 15.
f5 Bd7 16. Bxh5 g6 17. fxg6 fxg6 18. Bg4 O-O-O 19. Rf7 Re8 20. Bxd7+ Nxd7 21.
b4 Rh5 22. Qg4 Kd8 23. Qxg6 Reh8 24. h3 Bxb4 25. Qg7 Nxe5 26. Bg5+ Kc8 {
nitmo resigns} 1-0

[Event "ICS rated blitz match"]
[Site "204.178.125.65"]
[Date "2000.12.08"]
[Round "?"]
[White "hardyboy"]
[Black "Hossa"]
[Result "0-1"]
[WhiteElo "1925"]
[BlackElo "2508"]
[PlyCount "90"]
[EventDate "2000.??.??"]

1. e4 e5 2. Nf3 Nf6 3. Nc3 Bb4 4. d3 d5 5. a3 Bxc3+ 6. bxc3 Bg4 7. Be2 dxe4 8.
Nxe5 Bxe2 9. Qxe2 Qd5 10. d4 c5 11. Be3 O-O 12. O-O Rd8 13. Rfd1 Nc6 14. c4 Qe6
15. Nxc6 bxc6 16. c3 cxd4 17. cxd4 Qf5 18. h3 Rab8 19. Rab1 Rb6 20. c5 Rxb1 21.
Rxb1 Qc8 22. Qb2 Nd5 23. Qb7 a6 24. Qxc8 Rxc8 25. Rb7 g6 26. Ra7 Nc7 27. Bf4
Nb5 28. Rxa6 Nxd4 29. Bd6 Re8 30. a4 Kg7 31. Ra7 Kf6 32. a5 Nb5 33. Rd7 Ra8 34.
Re7 Rxa5 35. Rxe4 Nxd6 36. cxd6 Ra1+ 37. Kh2 Rd1 38. d7 Rxd7 39. Rc4 Rc7 40.
Kg3 Ke5 41. Kh4 c5 42. Kg5 f6+ 43. Kh6 Kd5 44. Rf4 c4 45. Rxf6 c3 {
hardyboy resigns} 0-1

[Event "ICS rated blitz match"]
[Site "204.178.125.65"]
[Date "2000.12.08"]
[Round "?"]
[White "Hossa"]
[Black "hardyboy"]
[Result "1-0"]
[WhiteElo "2509"]
[BlackElo "1924"]
[PlyCount "69"]
[EventDate "2000.??.??"]

1. d4 Nf6 2. e3 c5 3. dxc5 Qa5+ 4. Bd2 Qxc5 5. Nf3 g6 6. Bc3 Bg7 7. Bd3 O-O 8.
O-O b5 9. Bd4 Qh5 10. Nc3 a6 11. Ne4 Bb7 12. Nxf6+ Bxf6 13. Bxf6 exf6 14. Be2
Kg7 15. Qd6 Re8 16. Rfd1 Re6 17. Qc7 Be4 18. Nd4 Qg5 19. Nxe6+ dxe6 20. Bf1 Nc6
21. Rd7 Ne5 22. f4 Nf3+ 23. Kh1 Qh4 24. Rxf7+ Kh8 25. gxf3 Bxf3+ 26. Bg2 Bxg2+
27. Kxg2 Qg4+ 28. Kf2 Qh4+ 29. Ke2 Qxh2+ 30. Kd3 e5 31. Rxf6 e4+ 32. Kxe4 Re8+
33. Kd3 Qf2 34. Re6 Rf8 35. Rh1 {hardyboy resigns} 1-0

[Event "ICS rated blitz match"]
[Site "204.178.125.65"]
[Date "2000.12.08"]
[Round "?"]
[White "hardyboy"]
[Black "Hossa"]
[Result "0-1"]
[WhiteElo "1923"]
[BlackElo "2510"]
[PlyCount "48"]
[EventDate "2000.??.??"]

1. e4 c5 2. Nf3 d6 3. d4 cxd4 4. Nxd4 Nf6 5. Nc3 g6 6. Be2 Bg7 7. h4 Nc6 8. h5
Nxe4 9. Nxc6 Bxc3+ 10. bxc3 bxc6 11. Qd4 Nf6 12. hxg6 fxg6 13. Bd3 Bf5 14. Bh6
Qc7 15. Bg7 e5 16. Qc4 Qxg7 17. Qxc6+ Ke7 18. Qc7+ Bd7 19. O-O Qg8 20. Rad1
Qxa2 21. Bb5 Qa3 22. Rfe1 Rhc8 23. Qb7 Rcb8 24. Qf3 Bxb5 {hardyboy resigns} 0-1

[Event "ICS rated blitz match"]
[Site "204.178.125.65"]
[Date "2000.12.08"]
[Round "?"]
[White "Hossa"]
[Black "hardyboy"]
[Result "1-0"]
[WhiteElo "2511"]
[BlackElo "1922"]
[PlyCount "49"]
[EventDate "2000.??.??"]

1. e4 c5 2. Nf3 d6 3. d4 cxd4 4. Nxd4 Nf6 5. Nc3 a6 6. Be2 h5 7. O-O h4 8. h3
e5 9. Nf3 Be7 10. Bg5 Nh5 11. Bxe7 Qxe7 12. Nd5 Qd8 13. Nxe5 dxe5 14. Bxh5 Be6
15. c4 Nc6 16. Rc1 Nd4 17. f4 g6 18. fxe5 Bxd5 19. exd5 Qb6 20. Qa4+ Kd8 21.
Rxf7 Nf5+ 22. c5 Qb5 23. Qxb5 axb5 24. a3 Ne3 25. Bf3 {hardyboy resigns} 1-0

[Event "ICS rated blitz match"]
[Site "204.178.125.65"]
[Date "2000.12.08"]
[Round "?"]
[White "Hossa"]
[Black "mainboard"]
[Result "1-0"]
[WhiteElo "2512"]
[BlackElo "1903"]
[PlyCount "77"]
[EventDate "2000.??.??"]

1. e4 e6 2. d4 d5 3. Nd2 c5 4. Ngf3 Nf6 5. exd5 exd5 6. Bb5+ Bd7 7. Bxd7+ Nbxd7
8. O-O Be7 9. dxc5 Nxc5 10. Nd4 O-O 11. Re1 Re8 12. N2b3 Qc7 13. Nf5 Bd6 14.
Rxe8+ Rxe8 15. Nxd6 Qxd6 16. Nxc5 Qxc5 17. Be3 Rxe3 18. b4 Qc3 19. fxe3 Qxe3+
20. Kf1 Qe5 21. g3 Qe4 22. Kg1 Qxb4 23. Rb1 Qc5+ 24. Kg2 b6 25. Qe2 Ne4 26. g4
h6 27. Re1 b5 28. Rf1 b4 29. Rf5 Qc6 30. Qd3 Nc3 31. Re5 a5 32. Re7 Ne4 33. h4
Nd6 34. Ra7 Nc4 35. g5 d4+ 36. Kf2 Qd5 37. g6 fxg6 38. Qxg6 Ne5 39. Qxg7# {
mainboard checkmated} 1-0

[Event "ICS rated standard match"]
[Site "204.178.125.65"]
[Date "2000.12.08"]
[Round "?"]
[White "Hossa"]
[Black "ChesterX"]
[Result "1-0"]
[WhiteElo "2336"]
[BlackElo "2320"]
[PlyCount "85"]
[EventDate "2000.??.??"]

1. e4 e5 2. Nf3 Nc6 3. Bb5 f5 4. Nc3 Nd4 5. Bc4 Nc6 6. d4 exd4 7. Nxd4 Nxd4 8.
Qxd4 Qf6 9. e5 Qc6 10. O-O a6 11. Bd5 Qc5 12. Qd3 Ne7 13. Be3 Qb4 14. f4 Qa5
15. Rf2 h5 16. a3 c6 17. Bf3 h4 18. b4 Qc7 19. Bc5 a5 20. Re1 axb4 21. axb4 Qd8
22. Rd2 h3 23. g4 g6 24. e6 Rg8 25. exd7+ Bxd7 26. Qe2 Ra3 27. Red1 Rxc3 28.
Rxd7 Qxd7 29. Rxd7 Kxd7 30. Qd2+ Nd5 31. Bxd5 Bxc5+ 32. bxc5 Rxc2 33. Qxc2 cxd5
34. Qb3 Kc8 35. Qxd5 Rd8 36. Qe6+ Kc7 37. gxf5 gxf5 38. Qb6+ Kc8 39. c6 Rd1+
40. Kf2 bxc6 41. Qxc6+ Kd8 42. Qf6+ Kc7 43. Qxf5 {ChesterX resigns} 1-0

[Event "ICS Rated blitz match"]
[Site "204.178.125.65"]
[Date "2000.12.08"]
[Round "?"]
[White "Hossa"]
[Black "IgorIvanov"]
[Result "1-0"]
[WhiteElo "2513"]
[BlackElo "2219"]
[PlyCount "136"]
[EventDate "2000.??.??"]

1. d4 Nf6 2. Nc3 d5 3. Bf4 e6 4. e3 a6 5. Bd3 c5 6. dxc5 Bxc5 7. Nf3 Nc6 8. O-O
Bd6 9. Bxd6 Qxd6 10. Qd2 h6 11. Na4 Qc7 12. Qe2 b5 13. Nc3 O-O 14. a3 Rd8 15.
e4 d4 16. Na2 e5 17. Nb4 Nxb4 18. axb4 Bg4 19. Rfd1 Nd7 20. h3 Bxf3 21. Qxf3
Nb6 22. Ra2 Na4 23. Qe2 Qe7 24. Qd2 Rdc8 25. Rf1 Rc6 26. Rfa1 Qc7 27. Rc1 Rc8
28. Rb1 Qd6 29. Ra3 Qe7 30. Qe1 g6 31. Qd2 Kg7 32. Ra2 Qg5 33. Qxg5 hxg5 34.
Rba1 Ra8 35. Kh2 Kf6 36. Kg3 Ke7 37. Kf3 Kd6 38. Kg4 f6 39. g3 Kc7 40. Kf3 Kb7
41. Kg2 Rd8 42. Rb1 Rdd6 43. Kf3 Nb6 44. Rg1 Nc4 45. b3 Nb6 46. h4 gxh4 47.
gxh4 Rc7 48. Rxg6 Rh7 49. Kg4 Nd7 50. Ra1 Nb8 51. h5 Nc6 52. h6 Kb6 53. Rh1
Nxb4 54. Kf5 Nxd3 55. cxd3 a5 56. Rxf6 Rxf6+ 57. Kxf6 Kc5 58. Kg6 Rh8 59. h7
Kb4 60. Rh5 Kxb3 61. Rxe5 Kb4 62. f4 a4 63. Re6 a3 64. Ra6 Kb3 65. Kg7 Rxh7+
66. Kxh7 b4 67. f5 Kc2 68. f6 Kxd3 {IgorIvanov resigns} 1-0

[Event "ICS rated standard match"]
[Site "204.178.125.65"]
[Date "2000.12.08"]
[Round "?"]
[White "Memmius"]
[Black "Hossa"]
[Result "0-1"]
[WhiteElo "2120"]
[BlackElo "2351"]
[PlyCount "110"]
[EventDate "2000.??.??"]

1. d4 d5 2. c4 c6 3. Nf3 Nf6 4. e3 e6 5. Nc3 b6 6. cxd5 exd5 7. Bd3 Bd6 8. h3
Qe7 9. O-O O-O 10. b3 Ba6 11. Bb2 Ne4 12. Re1 Bxd3 13. Qxd3 Re8 14. Nd2 Nxd2
15. Qxd2 Qg5 16. Rad1 Nd7 17. e4 Bf4 18. Qd3 dxe4 19. Nxe4 Qd5 20. Nc3 Qd6 21.
Ne4 Qg6 22. d5 Rad8 23. dxc6 Qxc6 24. Ng3 Rxe1+ 25. Rxe1 Qd6 26. Qxd6 Bxd6 27.
Rd1 Bxg3 28. fxg3 f6 29. Kf2 Kf7 30. b4 Ke6 31. Ke3 Re8 32. Ke4 Kf7+ 33. Kd5
Re2 34. Kc6 Nb8+ 35. Kb7 Rxb2 36. Kxb8 Rxa2 37. Rd7+ Kg6 38. Rxa7 Rxg2 39. Ra3
Rb2 40. Kc7 Rxb4 41. Kc6 h5 42. Re3 f5 43. Kd5 h4 44. gxh4 Rxh4 45. Kc6 Rb4 46.
Rf3 Kf6 47. Kd6 g5 48. Kd5 Rb5+ 49. Kc4 Rc5+ 50. Kd4 Rc8 51. Kd5 Re8 52. Kc6
Re6+ 53. Kb5 Kg6 54. Kb4 f4 55. Kc4 Re3 {Memmius resigns} 0-1

[Event "ICS rated blitz match"]
[Site "204.178.125.65"]
[Date "2000.12.08"]
[Round "?"]
[White "PostModernist"]
[Black "Hossa"]
[Result "0-1"]
[WhiteElo "2507"]
[BlackElo "2518"]
[PlyCount "102"]
[EventDate "2000.??.??"]

1. e4 c5 2. c3 Qa5 3. g3 d6 4. Bc4 Nf6 5. d3 b5 6. Bb3 Nc6 7. Bd2 Ne5 8. Bg5 c4
9. Bc2 cxd3 10. Bxd3 Nxd3+ 11. Qxd3 b4 12. Bxf6 gxf6 13. Qc4 Rb8 14. a3 Be6 15.
Qc6+ Bd7 16. Qc4 bxc3 17. b4 Qe5 18. Nf3 Qh5 19. Nd4 e5 20. Nc6 Qf3 21. Rg1 Be6
22. Qe2 Qxe2+ 23. Kxe2 Rc8 24. b5 a6 25. Na7 Rc5 26. b6 Bh6 27. f3 d5 28. exd5
Bxd5 29. Kd3 c2 30. Nc3 c1=Q 31. Raxc1 Bxc1 32. Rxc1 Bxf3 33. Rf1 Bb7 34. Kc2
Ke7 35. Kb3 e4 36. Re1 Rb8 37. Kb4 Re5 38. Kb3 e3 39. Kb2 Rd8 40. Nd1 Rd6 41.
Kc2 Rc5+ 42. Kb3 Rxb6+ 43. Ka4 Bd5 44. Rxe3+ Be6 45. Nf2 Rb7 46. Ne4 Bd7+ 47.
Nb5 Re5 48. Nec3 Bxb5+ 49. Ka5 Bc6+ 50. Rxe5+ fxe5 51. Nd1 Rb3 {
PostModernist resigns} 0-1

[Event "ICS unrated blitz match"]
[Site "204.178.125.65"]
[Date "2000.12.08"]
[Round "?"]
[White "Hossa"]
[Black "diep"]
[Result "1/2-1/2"]
[WhiteElo "2533"]
[BlackElo "2749"]
[PlyCount "215"]
[EventDate "2000.??.??"]

1. e4 e5 2. Nf3 Nc6 3. Bb5 a6 4. Bxc6 dxc6 5. O-O f6 6. d4 exd4 7. Qxd4 Qxd4 8.
Nxd4 Bd7 9. Be3 O-O-O 10. Nd2 Bd6 11. Rfd1 Ne7 12. Nc4 h5 13. Nb3 Be6 14. Nxd6+
cxd6 15. Bb6 Rd7 16. Nd4 Bf7 17. f4 Re8 18. Nf3 Ng6 19. f5 Nf8 20. Nd2 d5 21.
Re1 Nh7 22. exd5 Rxd5 23. Rxe8+ Bxe8 24. Ne4 Ng5 25. c4 Rd3 26. Nxg5 fxg5 27.
Ba5 Bf7 28. b3 Kd7 29. Re1 b5 30. Bb4 Kc8 31. cxb5 axb5 32. Re7 Rd7 33. h3 g4
34. hxg4 Rxe7 35. Bxe7 hxg4 36. Bf8 g6 37. f6 g3 38. Bd6 Kd7 39. Be5 Bd5 40.
Bc3 c5 41. Ba5 Ke6 42. Bc3 g5 43. Kh1 b4 44. Be1 Kxf6 45. Bxg3 Ke6 46. Bf2 Kd6
47. Be3 Be4 48. Bc1 Kd5 49. Kh2 Bb1 50. a3 bxa3 51. Bxa3 Bf5 52. Kg3 Kd4 53.
Bb2+ Ke4 54. Bf6 Be6 55. Be7 Bxb3 56. Bxc5 Be6 57. Be7 g4 58. Bg5 Ke5 59. Bd2
Kf5 60. Bc3 Bd7 61. Kh4 Bc6 62. Kg3 Bb7 63. Bd4 Bd5 64. Bc5 Bc6 65. Bd4 Bb7 66.
Bc5 Bd5 67. Bd4 Bb3 68. Ba1 Bc4 69. Bd4 Bb5 70. Be3 Ba4 71. Bf4 Bc6 72. Be3 Be8
73. Kh4 Bf7 74. Bc5 Bc4 75. Bd6 Bd5 76. Kg3 Be6 77. Bb4 Bd7 78. Be7 Ba4 79. Bd6
Bb3 80. Bc5 Bd5 81. Bd4 Bc4 82. Be3 Be6 83. Bd4 Bf7 84. Bc5 Bb3 85. Bd4 Bd1 86.
Bg7 Ba4 87. Kh4 Bc6 88. Be5 Bb7 89. Bd4 Be4 90. Bf2 Bd5 91. Kg3 Ba2 92. Bg1 Bb1
93. Bd4 Bc2 94. Bc3 Ba4 95. Bd2 Bd7 96. Kh4 Be6 97. Bc3 Bc4 98. Kg3 Ba6 99. Bd2
Bb7 100. Bc3 Ba8 101. Bd4 Be4 102. Bc5 Bd3 103. Bd6 Bb5 104. Kh4 Bc4 105. Kg3
Bd3 106. Bc5 Bc2 107. Bd4 Ba4 108. Bc5 {Game drawn by the 50 move rule} 1/2-1/2